| 000 | 00870nam a2200217 a 4500 | ||
|---|---|---|---|
| 001 | BRCA_749 | ||
| 005 | 20190320203132.0 | ||
| 008 | 890925s1988 mx-a---###---s000-0#spa-# | ||
| 020 | _a9688160954 | ||
| 040 |
_aDLC _cDLC _dDLC |
||
| 050 | 4 |
_aF1386 _b.D57 20 _c1988 |
|
| 245 | 1 | 0 | _aCrónica gráfica de la Ciudad de México en el centenario de la Independencia. |
| 260 |
_aMéxico _bDepartamento del Distrito Federal : Secretaría General de Desarrollo Social : Comité Interno de Ediciones Gubernamentales _c1988 |
||
| 300 |
_a64 p. _bil. _c21 cm. |
||
| 440 | 0 |
_aColección Distrito Federal _v20 _92479 |
|
| 650 | 1 | 4 |
_aArquitectura _xTrabajos Ilustrados _zMéxico _92480 |
| 651 | 4 |
_aCiudad de México _xTrabajos Ilustrados _92481 |
|
| 651 | 4 |
_aCiudad de México _xDescripción y viajes _92418 |
|
| 651 | 4 |
_aCiudad de México _xEdificios, estructuras, etc. _91264 |
|
| 942 |
_2lcc _cB |
||
| 999 |
_c648 _d648 |
||